000 00611cam a2200205 a 4500
001 3734510
005 20180208044555.0
008 820126s1980 nyua 001 0 eng
010 _a 81047550
020 _a0517545144 (pbk.) :
_c$6.95
040 _aDLC
_cDLC
_dDLC
041 1 _aengita
080 _a611.00222 RIC
082 0 0 _a611.00222 RIC
_219
100 _a7
101 _aANA
245 0 4 _aThe Color atlas of human anatomy /
_cedited by Vanio Vannini and Giuliano Pogliani ; translated and revised by Richard T. Jolly.
906 _a7
_bcbc
_corignew
_d2
_eocip
_f19
_gy-gencatlg
942 _2ddc
_cBK
999 _c42115
_d42115